000 00390nam a2200145Ia 4500
008 230411s9999 xx 000 0 und d
020 _a978-81-8473-916-9
041 _aeng
082 _aF/610.7302/NET/B08140
100 _aLippincott
245 _aManual of Nursing Practice
260 _bLippincott Williams Wilkins
_aPhiladelphia
_c2001
300 _a1746p
999 _c158018
_d158018